21 - Né(es) un 21 janvier - Statistiques

Statistiques générales
  • Ce quiz a été pris 14 fois
  • Le résultat moyen est 3 sur 16
Statistiques - réponses
Hint Année de naissance Réponse % Correct
Actrice franco-italienne. Membre de la troupe des Robins des Bois. Quatre nominations au César de la meilleure actrice. 1970 Marina Foïs
60%
Chanteur connu grâce à "La Boîte de jazz" et "Joueurs de blues". Joua dans "La Doublure". 1947 Michel Jonasz
50%
Joueur de tennis français. A joué le match le plus long de l'histoire du tennis professionnel, contre l'Américain John Isner. 1982 Nicolas Mahut
40%
Acteur français. Habitué des seconds rôles. Vu dans "Mais où est donc passée la septième compagnie ?", "Dupont Lajoie", "On a retrouvé la septième compagnie", "Arrête ton char... bidasse ". Fut la voix d'Obélix. 1930 Pierre Tornade
40%
Joueur de rugby international irlandais. Centre. Il fit toute sa carrière au Leinster. Considéré comme l'un des meilleurs trois-quarts centre de l'histoire du rugby à XV. 1979 Brian Gerald O'Driscoll|BOD
30%
Couturier français qui laissa son nom à une marque aujourd'hui propriété du groupe LVMH. 1905 Christian Dior
30%
Industriel français. Constructeur de voitures avec René Panhard. 1843 Émile Constant Levassor
20%
Joueur de basketball américain. Pivot. Il remporta deux titres de champion NBA en 1994 et 1995 avec les Rockets de Houston. 1963 Hakeem Olajuwon|Akeem Abdul Olajuwon
20%
Golfeur américain. Considéré comme l'un des meilleurs golfeurs de tous les temps. 73 victoires sur la PGA. 1940 Jack William Nicklaus
20%
Actrice française vue dans "Série noire" (1979), "Une affaire de femmes" (1988), "Les Marmottes" (1993), "… Comme elle respire" (1998). 1962 Marie Trintignant
10%
Informaticien américain. Co-fonda en 1975, avec Bill Gates, la société Microsoft. 1953 Paul Gardner Allen
10%
Roi de France de1364 à 1380. 1338 Charles V1|Charles le Sage
0%
Couturier espagnol surnommé le "le couturier des couturiers". Il laissa son nom à une marque aujourd'hui propriété du groupe Kering. 1895 Cristóbal Balenciaga Eizaguirre
0%
Biochimiste allemand. Prix Nobel de physiologie ou médecine de 1964 pour ses travaux sur "les mécanismes et la régulation du cholestérol et le métabolisme des acides gras". 1912 Konrad Bloch
0%
Joueur de football espagnol. International. Attaquant droit. A joué 3 ans au RCD Majorque avant de rejoindre le Real de Madrid. 1996 Marco Asensio Willemsen
0%
Militaire français membre de l'Académie française. Le 11 novembre 1918, dans la clairière de Rethondes, il lut les conditions de l'Armistice à la délégation allemande. 1867 Maxime Weygand
0%
Aucun quiz correspondant
Distribution des résultats
% des personnes avec chaque résultat
Percentile par nombre de réponses
Votre historique - résultats
Vous n’avez pas pris ce quiz